[Event "Köln- Letmathe"]
[Site "?"]
[Date "2023.05.14"]
[Round "9.7"]
[White "Pfleger, Sascha"]
[Black "Di Franco, Patricio"]
[Result "0-1"]
[WhiteElo "2016"]
[BlackElo "2052"]
[PlyCount "102"]
[SourceVersionDate "2023.06.22"]

1. c4 Nf6 2. Nc3 g6 3. d4 Bg7 4. e4 d6 5. h3 O-O 6. Bg5 c5 7. d5 b5 8. cxb5 a6
9. a4 Qa5 10. Bd2 Qb4 11. Qc2 e6 12. dxe6 Bxe6 13. Ra3 Re8 14. Be2 Nbd7 15. Nd5
Bxd5 16. Bxb4 Bxe4 17. Qd2 cxb4 18. Qxb4 Ne5 19. Kf1 Rac8 20. Qd2 Rc2 21. Qxc2
Bxc2 22. f4 Ned7 23. Bf3 axb5 24. axb5 d5 25. g4 Ne4 26. Rh2 Rc8 27. Rc3 Rxc3
28. bxc3 Bd3+ 29. Be2 Bb1 30. Nf3 Bxc3 31. Kg2 d4 32. Rh1 Ba2 33. Rd1 Bb3 34.
Rxd4 Bxd4 35. Nxd4 Bd5 36. Bf3 Nb6 37. h4 Nd6 38. Bxd5 Nxd5 39. Kf3 Kf8 40. h5
gxh5 41. g5 Ne7 42. b6 Nd5 43. f5 Nxb6 44. Kg3 Nd5 45. Kh4 Ne3 46. f6 Nef5+ 47.
Nxf5 Nxf5+ 48. Kxh5 Ke8 49. Kg4 Nd4 50. Kh5 Kd7 51. Kh6 Nf3 0-1

[Event "Köln- Letmathe"]
[Site "?"]
[Date "2023.05.14"]
[Round "9.8"]
[White "Cmiel, Thorsten"]
[Black "Heeke, Guido"]
[Result "1-0"]
[WhiteElo "2051"]
[BlackElo "1861"]
[PlyCount "77"]
[SourceVersionDate "2023.06.22"]

1. Nf3 f5 2. g3 Nf6 3. Bg2 g6 4. b3 Bg7 5. Bb2 d6 6. d4 O-O 7. O-O c6 8. c4 Qe8
9. Nbd2 h6 10. Re1 Ne4 11. Qc2 d5 12. Ne5 Nd7 13. Nxe4 fxe4 14. f3 Nxe5 15.
dxe5 exf3 16. exf3 Bf5 17. Qe2 Be6 18. cxd5 Bxd5 19. f4 Be6 20. Qe3 Qc8 21. Ba3
Re8 22. Rac1 Qc7 23. Be4 Bf5 24. Bxf5 gxf5 25. Qd3 e6 26. Red1 Rad8 27. Qc4 Kf7
28. Bd6 Qa5 29. Qe2 Bf8 30. Kh1 Kg6 31. g4 Bxd6 32. exd6 Kh7 33. g5 Rd7 34. Qh5
Qd8 35. Rc3 Rxd6 36. Rxd6 Qxd6 37. Qf7+ Kh8 38. Qxe8+ Kh7 39. g6+ 1-0

[Event "Ennepe- Bonn"]
[Site "?"]
[Date "2023.05.21"]
[Round "9.2"]
[White "Tripolsky, Eugen"]
[Black "Hoppe, Thilo"]
[Result "1-0"]
[WhiteElo "2277"]
[BlackElo "2118"]
[PlyCount "59"]
[SourceVersionDate "2023.06.22"]

1. e4 d6 2. d4 Nf6 3. Nc3 Nbd7 4. Nf3 e5 5. Rg1 exd4 6. Nxd4 g6 7. g4 Nc5 8. f3
Bg7 9. Be3 h5 10. g5 Nfd7 11. Qd2 O-O 12. O-O-O Re8 13. Kb1 a5 14. Be2 a4 15.
a3 c6 16. Nf5 gxf5 17. g6 Qe7 18. gxf7+ Kxf7 19. Bc4+ Ne6 20. exf5 Ne5 21.
fxe6+ Bxe6 22. Bxe6+ Qxe6 23. Ne4 Nc4 24. Qg2 Bf6 25. Qg6+ Ke7 26. Nxf6 Nxe3
27. Rde1 Rf8 28. Nxh5 Qxg6 29. Rxg6 Rxf3 30. Rg3 1-0

[Event "Ennepe- Bonn"]
[Site "?"]
[Date "2023.05.21"]
[Round "9.3"]
[White "Gikas, Andreas"]
[Black "Heller, Achim"]
[Result "1/2-1/2"]
[WhiteElo "2121"]
[BlackElo "2032"]
[PlyCount "75"]
[SourceVersionDate "2023.06.22"]

1. e4 c6 2. d4 d5 3. e5 Bf5 4. h4 h5 5. Bd3 Bxd3 6. Qxd3 e6 7. Bg5 Qd7 8. Nf3
c5 9. c4 cxd4 10. Nxd4 Nc6 11. Nxc6 bxc6 12. O-O Ne7 13. Bxe7 Bxe7 14. g3 O-O
15. Nc3 Rab8 16. b3 Rfd8 17. Rad1 Qc7 18. Qe2 g6 19. Kg2 Bb4 20. Nb1 Qa5 21. g4
hxg4 22. h5 dxc4 23. hxg6 fxg6 24. Qxc4 Rd5 25. Qxg4 Qc7 26. Qxe6+ Qf7 27.
Qxf7+ Kxf7 28. Rxd5 cxd5 29. a3 Bf8 30. b4 a5 31. bxa5 Ra8 32. f4 Ke6 33. Rc1
Rxa5 34. Rc6+ Kf7 35. Rc7+ Ke6 36. Rc6+ Kf7 37. Rc7+ Ke6 38. Rc6+ 1/2-1/2

[Event "Ennepe- Bonn"]
[Site "?"]
[Date "2023.05.21"]
[Round "9.4"]
[White "Arakelian, Aik"]
[Black "Rosskothen, Arnd"]
[Result "1-0"]
[WhiteElo "2009"]
[BlackElo "2124"]
[PlyCount "89"]
[SourceVersionDate "2023.06.22"]

1. e4 e5 2. Nf3 Nc6 3. Bc4 Nf6 4. d3 Bc5 5. O-O d6 6. c3 a5 7. h3 h6 8. d4 Ba7
9. Re1 O-O 10. Bb3 Re8 11. Bc2 exd4 12. cxd4 Nb4 13. Nc3 Nxc2 14. Qxc2 c6 15.
Bf4 Be6 16. Rad1 d5 17. e5 Nd7 18. a4 Rb8 19. Qd3 Qb6 20. Qd2 Bf5 21. g4 Be6
22. Kh2 Nf8 23. Bg3 Rbd8 24. Nh4 c5 25. f4 cxd4 26. Nb5 Bd7 27. Nd6 Bxa4 28.
Nxe8 Bxe8 29. Bf2 Bc6 30. Nf3 Ne6 31. f5 Nc5 32. Bxd4 Nb3 33. Bxb6 Nxd2 34.
Bxd8 Nxf3+ 35. Kg3 Nxe1 36. Rxe1 a4 37. Bc7 Bd4 38. Re2 Kf8 39. Kf4 Ke8 40. h4
Bc5 41. Bd6 Bb6 42. g5 hxg5+ 43. hxg5 d4 44. e6 fxe6 45. fxe6 1-0

[Event "Ennepe- Bonn"]
[Site "?"]
[Date "2023.05.21"]
[Round "9.5"]
[White "Koch, Matthias"]
[Black "Bruchmann, Norbert"]
[Result "0-1"]
[WhiteElo "1938"]
[BlackElo "2003"]
[PlyCount "64"]
[SourceVersionDate "2023.06.22"]

1. e4 e6 2. d4 d5 3. Nc3 Bb4 4. e5 c5 5. Bd2 Ne7 6. a3 Bxc3 7. Bxc3 cxd4 8.
Bxd4 Nbc6 9. f4 Nxd4 10. Qxd4 Nf5 11. Bb5+ Bd7 12. Bxd7+ Qxd7 13. Qd3 Qa4 14.
Ne2 Rc8 15. Rc1 Qa5+ 16. b4 Qb6 17. Kd2 Rc4 18. g4 Nd4 19. Rhf1 O-O 20. Ke1
Rfc8 21. c3 Nxe2 22. Kxe2 Qc6 23. Rf3 Qa4 24. Qc2 Qxa3 25. Kd2 h6 26. f5 Rxb4
27. Qd3 Rxg4 28. fxe6 Rg2+ 29. Kd1 fxe6 30. Rg3 Qa4+ 31. Ke1 Qa2 32. Rxg2 Qxg2
0-1

[Event "Ennepe- Bonn"]
[Site "?"]
[Date "2023.05.21"]
[Round "9.6"]
[White "Hess, Olena"]
[Black "Goergen, Christian"]
[Result "1/2-1/2"]
[WhiteElo "2078"]
[BlackElo "1818"]
[PlyCount "41"]
[SourceVersionDate "2023.06.22"]

1. Nf3 Nf6 2. c4 g6 3. Nc3 Bg7 4. e4 d6 5. d4 O-O 6. Be2 Bg4 7. d5 c5 8. O-O b5
9. cxb5 a6 10. a4 axb5 11. Bxb5 Ne8 12. h3 Bc8 13. Nd2 Nc7 14. Be2 Ba6 15. Nc4
Nd7 16. Qc2 Ne5 17. Nxe5 Bxe5 18. Bh6 Bxe2 19. Qxe2 Re8 20. Rfb1 Qd7 21. Qc2
1/2-1/2

[Event "Niederkassel- Brühl"]
[Site "?"]
[Date "2023.05.21"]
[Round "9.1"]
[White "Loifenfeld, Jakov"]
[Black "Stanetzek, Carsten"]
[Result "0-1"]
[WhiteElo "2384"]
[BlackElo "2156"]
[Annotator "daniel"]
[PlyCount "60"]
[SourceVersionDate "2023.06.22"]

1. d4 d5 2. c4 c6 3. Nf3 Nf6 4. Nc3 dxc4 5. a4 Bf5 6. e3 e6 7. Bxc4 Nbd7 8. O-O
Bb4 9. Qe2 Bg6 10. e4 O-O 11. e5 Nd5 12. Bg5 Nxc3 13. bxc3 Be7 14. Bxe7 Qxe7
15. Bd3 Bxd3 16. Qxd3 Rfd8 17. Qe4 Rac8 18. a5 b6 19. h4 b5 20. Rfb1 a6 21. c4
Rc7 22. Rc1 f5 23. Qe2 Rdc8 24. Rc3 h6 25. Rac1 Nf8 26. Qc2 b4 27. Re3 c5 28.
d5 Rd7 29. d6 Qd8 30. Ra1 g5 {Handy!} 0-1

[Event "Niederkassel- Brühl"]
[Site "?"]
[Date "2023.05.21"]
[Round "9.2"]
[White "Schracke, Guido"]
[Black "Schaefer, Juergen"]
[Result "1/2-1/2"]
[WhiteElo "2155"]
[BlackElo "2143"]
[PlyCount "25"]
[SourceVersionDate "2023.06.22"]

1. e4 g6 2. Nc3 Bg7 3. d4 d6 4. Be2 Nd7 5. Be3 c6 6. Qd2 b5 7. Bf3 Rb8 8. h4
Nb6 9. b3 h5 10. Nge2 Nh6 11. Ng3 Bg4 12. Nce2 Nd7 13. Rd1 1/2-1/2

[Event "Niederkassel- Brühl"]
[Site "?"]
[Date "2023.05.21"]
[Round "9.3"]
[White "Engel, Johann"]
[Black "Konzen, Horst"]
[Result "1/2-1/2"]
[WhiteElo "2140"]
[BlackElo "2016"]
[PlyCount "88"]
[SourceVersionDate "2023.06.22"]

1. d4 d5 2. c4 c6 3. Nc3 Nf6 4. Bg5 Nbd7 5. e3 h6 6. Bh4 e6 7. Nf3 Qa5 8. Qb3
Ne4 9. Bd3 Bb4 10. Rc1 f5 11. O-O g5 12. Bg3 Ndf6 13. Be5 O-O 14. Bxf6 Nxf6 15.
Ne5 Bd6 16. f4 Kg7 17. cxd5 Nxd5 18. Nxd5 exd5 19. fxg5 hxg5 20. Qd1 Qd8 21.
Qf3 Be6 22. Qg3 Qf6 23. Rf2 Rae8 24. h4 Bxe5 25. dxe5 Qg6 26. Rcf1 gxh4 27. Qh3
Qg4 28. Qh2 Bc8 29. Rf4 Qg3 30. Qxg3+ hxg3 31. Bxf5 Bxf5 32. Rxf5 Rxf5 33. Rxf5
Kg6 34. Rf3 Rxe5 35. Rxg3+ Kf6 36. Kf2 Re4 37. Ke2 Rb4 38. b3 a5 39. Kd3 Ke5
40. Rg5+ Kf6 41. Rg8 a4 42. Kc3 c5 43. g4 axb3 44. axb3 Re4 1/2-1/2

[Event "Niederkassel- Brühl"]
[Site "?"]
[Date "2023.05.21"]
[Round "9.4"]
[White "Wilke, Christopher"]
[Black "Haskelman, Evgen"]
[Result "1/2-1/2"]
[WhiteElo "1861"]
[BlackElo "2138"]
[Annotator "daniel"]
[PlyCount "65"]
[SourceVersionDate "2023.06.22"]

1. d4 f5 2. g3 Nf6 3. Bg2 e6 4. Nf3 Be7 5. c4 O-O 6. O-O d6 7. Nc3 Qe8 8. b3
Qh5 9. Bf4 Nbd7 10. Nb5 $11 Bd8 11. c5 a6 12. cxd6 axb5 13. dxc7 Be7 14. Ne5
Nxe5 15. dxe5 Ne4 16. Qc2 Nc5 17. Be3 Nd7 18. f4 g5 19. Bf3 Qh6 20. Qd3 Ra5 21.
Qd2 b4 22. Rac1 gxf4 23. gxf4 Rc5 24. Rxc5 Nxc5 25. Qxb4 Qg7+ 26. Kh1 Ne4 27.
Qe1 Kh8 28. Rg1 Qh6 29. Bxe4 fxe4 30. Qg3 Bh4 31. Qg4 Re8 32. Qg2 Qf8 33. Qh3
1/2-1/2

[Event "Niederkassel- Brühl"]
[Site "?"]
[Date "2023.05.21"]
[Round "9.5"]
[White "Schottmueller, Christoph"]
[Black "Kuhn, Andreas"]
[Result "1-0"]
[WhiteElo "1638"]
[BlackElo "1834"]
[PlyCount "38"]
[SourceVersionDate "2023.06.22"]

1. d4 d5 2. c4 e6 3. Nf3 Nf6 4. cxd5 exd5 5. Nc3 c6 6. Bg5 Be7 7. Qc2 g6 8. e3
Bf5 9. Bd3 Bxd3 10. Qxd3 O-O 11. O-O Re8 12. Rab1 a5 13. Ne5 Ne4 14. Nxe4 dxe4
15. Qb3 Bxg5 16. Qxf7+ Kh8 17. Qxb7 Rxe5 18. dxe5 Na6 19. Qxc6 Rc8 1-0

[Event "Niederkassel- Brühl"]
[Site "?"]
[Date "2023.05.21"]
[Round "9.6"]
[White "Neu, Martin"]
[Black "Dilger, Jan"]
[Result "0-1"]
[WhiteElo "1714"]
[BlackElo "1906"]
[PlyCount "90"]
[SourceVersionDate "2023.06.22"]

1. Nf3 Nf6 2. g3 d5 3. c4 c6 4. cxd5 cxd5 5. d4 Nc6 6. Bg2 Bf5 7. O-O Qb6 8.
Nc3 e6 9. a3 a5 10. Re1 Ne4 11. Nh4 Qxd4 12. Be3 Qxd1 13. Rexd1 Nxc3 14. bxc3
Bc2 15. Rd2 Bb3 16. a4 Be7 17. Rb2 Bc4 18. Nf3 Bf6 19. Nd4 Nxd4 20. Bxd4 Bxd4
21. cxd4 O-O-O 22. Rab1 Rd7 23. e4 Kb8 24. exd5 exd5 25. Rb6 Re8 26. Bf1 Re4
27. Rd1 Ka7 28. Rb2 Rde7 29. Bxc4 dxc4 30. Rc2 Re1+ 31. Rxe1 Rxe1+ 32. Kg2 Rb1
33. Rxc4 Rb4 34. Rc7 Rxa4 35. Rxf7 Rxd4 36. Rxg7 a4 37. Rxh7 a3 38. Re7 a2 39.
Re1 Ra4 40. Ra1 b5 41. h4 b4 42. h5 b3 43. h6 Ra6 44. Kf3 Rxh6 45. Ke3 Ra6 0-1

[Event "Solingen 4- Halver- Schalksmühle"]
[Site "?"]
[Date "2023.05.21"]
[Round "9.1"]
[White "Browning, Alex"]
[Black "Waagener, Ulrich"]
[Result "1-0"]
[WhiteElo "2337"]
[BlackElo "2116"]
[PlyCount "89"]
[SourceVersionDate "2023.06.22"]

1. Nf3 d5 2. c4 dxc4 3. g3 c6 4. Bg2 Nd7 5. O-O e6 6. Qc2 Nb6 7. a4 a5 8. Na3
Qd5 9. Rd1 Nf6 10. d3 cxd3 11. Rxd3 Qc5 12. Qd1 Nbd5 13. Ne5 Be7 14. Nac4 O-O
15. e4 b5 16. axb5 Nb4 17. Be3 Qxb5 18. Rd2 Bb7 19. b3 Rfd8 20. Rxa5 Rxd2 21.
Rxa8+ Bxa8 22. Qxd2 h6 23. f3 Qb8 24. Bf1 c5 25. Qc3 Bf8 26. Qb2 Bb7 27. Qd2
Ba8 28. Bf4 Qe8 29. Nd6 Bxd6 30. Qxd6 g5 31. Be3 g4 32. Bxc5 gxf3 33. Qd2 f2+
34. Bxf2 Nc6 35. Qxh6 Nxe5 36. Qxf6 Ng6 37. Bd4 e5 38. Bc4 Kf8 39. Be3 Qd7 40.
Qf3 Kg7 41. h4 f6 42. h5 Nf8 43. Kh2 Nh7 44. h6+ Kg6 45. Be2 1-0

[Event "Solingen 4- Halver- Schalksmühle"]
[Site "?"]
[Date "2023.05.21"]
[Round "9.2"]
[White "Kushchan, Edouard"]
[Black "Jansen, Dirk"]
[Result "1/2-1/2"]
[WhiteElo "2018"]
[BlackElo "2100"]
[PlyCount "176"]
[SourceVersionDate "2023.06.22"]

1. d4 d6 2. e4 Nf6 3. Nc3 e5 4. dxe5 dxe5 5. Qxd8+ Kxd8 6. Bc4 Be6 7. Bxe6 fxe6
8. Nf3 Nc6 9. Be3 Bb4 10. Bd2 Ke7 11. a3 Bd6 12. O-O Nd4 13. Ne1 h6 14. f3 g5
15. Be3 Rad8 16. Rf2 c5 17. Rd1 g4 18. Kf1 Rhg8 19. Ne2 gxf3 20. gxf3 h5 21. c3
Nb3 22. h4 Na5 23. Bg5 Nc4 24. Ng1 Kf7 25. Ke2 Nxb2 26. Rb1 Na4 27. Rxb7+ Rd7
28. Rxd7+ Nxd7 29. Kd3 c4+ 30. Kc2 Rb8 31. Bc1 Rb3 32. Ne2 Be7 33. Ng2 Ndc5 34.
Ne3 Nd3 35. Nxc4 Nxc1 36. Nxe5+ Ke8 37. Nc4 Nxe2 38. Kxb3 Nc5+ 39. Kc2 Nf4 40.
Rh2 Ng6 41. Kd1 Nxh4 42. Ke2 Ng6 43. e5 h4 44. Nd6+ Kd7 45. Nc4 Bg5 46. Kf1 Bf4
47. Rg2 Bg3 48. Rd2+ Kc7 49. Kg2 Nf4+ 50. Kh1 Ncd3 51. Nd6 Nf2+ 52. Kg1 N4d3
53. Ne4 Nh3+ 54. Kh1 Nxe5 55. Nxg3 hxg3 56. Kg2 Nf4+ 57. Kxg3 Nd5 58. f4 Nc4
59. Rd4 Nd6 60. Ra4 Kb7 61. c4 Nb6 62. Rb4 Ndxc4 63. Rb3 Kc6 64. Kg4 Nd5 65.
Kg5 Nd6 66. Rb1 a5 67. Re1 Kd7 68. Rc1 Ne3 69. Rh1 Nec4 70. Rh7+ Kc6 71. Kf6
Kd5 72. Rh5+ Nf5 73. a4 Kd6 74. Rh8 Nd4 75. Ra8 Nc6 76. Re8 Nd4 77. Rc8 Nb6 78.
Rd8+ Kc5 79. Rb8 Nxa4 80. Rc8+ Kb5 81. Ke5 Nb6 82. Rc1 Ne2 83. Rb1+ Kc5 84.
Kxe6 Nxf4+ 85. Kf5 Nfd5 86. Ra1 Kb5 87. Ke5 Nb4 88. Rxa5+ Kxa5 1/2-1/2

[Event "Solingen 4- Halver- Schalksmühle"]
[Site "?"]
[Date "2023.05.21"]
[Round "9.3"]
[White "Browning, Rebecca"]
[Black "Erkay, Ali"]
[Result "1/2-1/2"]
[WhiteElo "1894"]
[BlackElo "1899"]
[PlyCount "30"]
[SourceVersionDate "2023.06.22"]

1. e4 Nf6 2. e5 Nd5 3. c4 Nb6 4. d4 d6 5. exd6 cxd6 6. Nf3 g6 7. Nc3 Bg7 8. Be2
O-O 9. O-O Nc6 10. Bg5 h6 11. Be3 Bf5 12. Qd2 Kh7 13. Rac1 d5 14. b3 dxc4 15.
bxc4 Bg4 1/2-1/2

[Event "Solingen 4- Halver- Schalksmühle"]
[Site "?"]
[Date "2023.05.21"]
[Round "9.4"]
[White "Scheidtmann, Kian"]
[Black "Koelz, Niklas"]
[Result "0-1"]
[WhiteElo "1637"]
[BlackElo "1828"]
[PlyCount "44"]
[SourceVersionDate "2023.06.22"]

1. e4 c5 2. Nf3 e6 3. d4 cxd4 4. Nxd4 a6 5. Nc3 Qc7 6. Be3 Nf6 7. Qd3 Bb4 8. f3
d5 9. Rd1 e5 10. Bg5 exd4 11. Qxd4 Nc6 12. Qe3 d4 13. Rxd4 Nxd4 14. Qxd4 Bc5
15. Qd2 Be6 16. Bxf6 gxf6 17. Nd5 Bxd5 18. Qxd5 Rd8 19. Qf5 Qd6 20. Bd3 Qd4 21.
Rf1 Qe3+ 22. Kd1 Bb4 0-1

[Event "Solingen 4- Halver- Schalksmühle"]
[Site "?"]
[Date "2023.05.21"]
[Round "9.6"]
[White "Fetahovic, Sarah"]
[Black "Schmidt, Volker"]
[Result "0-1"]
[WhiteElo "1423"]
[BlackElo "1998"]
[PlyCount "110"]
[SourceVersionDate "2023.06.22"]

1. e4 e6 2. d4 d5 3. exd5 exd5 4. Nf3 Bd6 5. c4 Nf6 6. c5 Be7 7. Bd3 O-O 8. O-O
Bg4 9. Bf4 Nc6 10. Nbd2 Nxd4 11. b4 c6 12. h3 Bh5 13. Re1 Re8 14. g4 Nxf3+ 15.
Nxf3 Bg6 16. Bxg6 hxg6 17. Ne5 Nd7 18. Nd3 Nf8 19. Bh2 Bf6 20. Rxe8 Qxe8 21.
Rc1 Qd7 22. Qd2 Re8 23. Kg2 Ne6 24. Re1 Ng5 25. Rxe8+ Qxe8 26. f3 Ne6 27. Ne5
Bxe5 28. Bxe5 Nxc5 29. Bd4 Ne6 30. Bxa7 Qa8 31. Bf2 Qa6 32. f4 Qc4 33. Bg3 Qe4+
34. Kf2 Nd4 35. Qe3 Qxe3+ 36. Kxe3 Nc2+ 37. Kd2 Nxb4 38. a3 Na6 39. Kd3 Kf8 40.
Kd4 Ke7 41. Ke5 f6+ 42. Kd4 Ke6 43. Bf2 c5+ 44. Kd3 Kd6 45. Bg3 Kc6 46. h4 Nc7
47. a4 Ne8 48. Be1 d4 49. h5 gxh5 50. gxh5 Kd5 51. Bg3 c4+ 52. Ke2 Ke4 53. a5
Nd6 54. Kd2 Kf3 55. Bh2 Kg2 0-1

[Event "Solingen 4- Halver- Schalksmühle"]
[Site "?"]
[Date "2023.05.21"]
[Round "9.7"]
[White "Kaemper, Ralph"]
[Black "Shivkumar, Siddharth"]
[Result "1/2-1/2"]
[WhiteElo "2046"]
[BlackElo "1698"]
[PlyCount "82"]
[SourceVersionDate "2023.06.22"]

1. d4 Nf6 2. Nf3 d5 3. c3 Bf5 4. Qb3 Qc8 5. Bf4 e6 6. Nbd2 c5 7. e3 c4 8. Qd1
Nbd7 9. Nh4 Bg6 10. Nxg6 hxg6 11. h3 b5 12. Be2 Nb6 13. Bf3 Qc6 14. O-O Nh5 15.
Be5 f6 16. Bh2 f5 17. Re1 Bd6 18. Bxd6 Qxd6 19. b3 Rc8 20. b4 Na4 21. Qc2 Nf6
22. Nf1 g5 23. Ng3 g6 24. Rac1 Kf7 25. Bd1 Rh4 26. Qd2 Nb6 27. e4 Nxe4 28. Nxe4
dxe4 29. Qxg5 Rch8 30. a4 bxa4 31. Ra1 a6 32. Bxa4 Nd5 33. Ra3 Nf4 34. Re3 R8h5
35. Qg3 g5 36. Bd1 g4 37. Rxa6 Nxh3+ 38. gxh3 Qxa6 39. Qc7+ Kg6 40. Qe7 Rh8 41.
Ba4 Qxa4 1/2-1/2

[Event "Godesberg 2- Bergische SF"]
[Site "?"]
[Date "2023.05.21"]
[Round "9.1"]
[White "Bosbach, Stefan"]
[Black "Mantau, Jan"]
[Result "0-1"]
[WhiteElo "2098"]
[BlackElo "2173"]
[Annotator "daniel"]
[PlyCount "130"]
[SourceVersionDate "2023.06.22"]

1. e4 c5 2. Nc3 Nc6 3. g3 g6 4. Bg2 Bg7 5. d3 d6 6. Be3 Nf6 7. h3 O-O 8. Qd2
Rb8 9. Bh6 Nd4 10. Bxg7 Kxg7 11. Nd1 e5 12. c3 Nc6 13. Ne2 d5 14. Qc2 Be6 15.
O-O Qd7 16. Kh2 Rfd8 17. b3 b5 18. Rc1 Rb6 19. Nb2 Qc7 20. f3 Qb8 21. g4 h6 22.
Ng3 Ne7 23. Qf2 g5 24. Nf5+ Bxf5 25. gxf5 d4 26. c4 b4 27. Rh1 Nh5 28. Kg1 Nf4
29. Bf1 Rg8 30. Qh2 Qd6 31. Rc2 Kf8 32. Kf2 Ra6 33. Nd1 Ra3 34. Ke1 a5 35. h4
g4 36. fxg4 Rxg4 37. Nf2 Rg7 38. Nh3 Nxh3 39. Qxh3 Qf6 40. Rhh2 a4 41. Rb2 Nc6
42. bxa4 Rxa4 43. Rhg2 Rxg2 44. Rxg2 $11 Ra3 45. Qg4 Ne7 46. Rb2 Qg7 47. Qxg7+
Kxg7 48. Kd2 Ng8 49. Kc1 Nf6 50. Rg2+ Kf8 51. Kb2 Nh5 52. Rg4 Nf4 53. Rg3 Nh5
54. Rg4 Nf6 55. Rg3 Nxe4 56. Rg2 Nc3 57. Ka1 b3 58. Kb2 bxa2 59. Ka1 Rb3 60.
Rb2 Rxb2 61. Kxb2 Ke7 62. Bh3 Kf6 63. Bg4 e4 64. dxe4 Ke5 65. Bf3 d3 0-1

[Event "Godesberg 2- Bergische SF"]
[Site "?"]
[Date "2023.05.21"]
[Round "9.2"]
[White "Wecker, Martin"]
[Black "Gelsok, Philipp"]
[Result "1-0"]
[WhiteElo "2105"]
[BlackElo "1933"]
[PlyCount "105"]
[SourceVersionDate "2023.06.22"]

1. d4 Nf6 2. c4 c5 3. d5 b5 4. cxb5 a6 5. bxa6 g6 6. Nc3 Bxa6 7. e4 Bxf1 8.
Kxf1 d6 9. Nf3 Bg7 10. g3 O-O 11. Kg2 Nbd7 12. a4 Ra6 13. Qc2 Qa8 14. Ra3 Rc8
15. Rd1 h6 16. h3 Ne8 17. Be3 Nc7 18. Nd2 Nb6 19. Rda1 e6 20. a5 Nbxd5 21. exd5
exd5 22. Bxc5 dxc5 23. Kg1 Ne6 24. Qd3 Nd4 25. Nxd5 c4 26. Qe4 Re8 27. Ne7+
Rxe7 28. Qxe7 Nc2 29. Nxc4 Nxa3 30. Qxa3 Qd5 31. Qb4 Bd4 32. Rf1 Qf3 33. Qb8+
Kg7 34. Qf4 Qxf4 35. gxf4 Bxb2 36. Nxb2 Rxa5 37. Kg2 Rd5 38. Re1 Rd4 39. Kg3 g5
40. fxg5 hxg5 41. Re3 f5 42. Re6 Rb4 43. Nd3 Rb3 44. Rd6 Kf7 45. f3 Ke7 46. Rd5
Ra3 47. Nc5 Kf6 48. Rd6+ Kf7 49. Ra6 Re3 50. Nb7 Re5 51. Nd8+ Kg7 52. Ne6+ Kf6
53. Nxg5+ 1-0

[Event "Godesberg 2- Bergische SF"]
[Site "?"]
[Date "2023.05.21"]
[Round "9.3"]
[White "Gutt, Oswald"]
[Black "Mittmann, Johannes"]
[Result "1/2-1/2"]
[WhiteElo "1887"]
[BlackElo "2061"]
[PlyCount "53"]
[SourceVersionDate "2023.06.22"]

1. Nf3 d5 2. c4 c6 3. e3 Nf6 4. d4 Bg4 5. cxd5 cxd5 6. Nc3 Bxf3 7. Qxf3 e6 8.
Bd2 Bb4 9. Bb5+ Nbd7 10. O-O O-O 11. Rfd1 Rc8 12. Rac1 Nb6 13. b3 Qe7 14. Bd3
a6 15. Be1 Rc6 16. Ne2 Rfc8 17. Rxc6 Rxc6 18. h3 Bxe1 19. Rxe1 Qa3 20. Bb1 Qb2
21. Rd1 Ne4 22. Nf4 Rc1 23. Nd3 Rxd1+ 24. Qxd1 Qa1 25. Nc5 g6 26. Bc2 Qxd1+ 27.
Bxd1 1/2-1/2

[Event "Godesberg 2- Bergische SF"]
[Site "?"]
[Date "2023.05.21"]
[Round "9.5"]
[White "Schmitt, Karl"]
[Black "Kummer, Wolfram"]
[Result "1/2-1/2"]
[WhiteElo "1813"]
[BlackElo "2062"]
[PlyCount "85"]
[SourceVersionDate "2023.06.22"]

1. d4 Nf6 2. Nf3 g6 3. c4 c5 4. d5 b5 5. cxb5 a6 6. bxa6 Bxa6 7. Nc3 d6 8. g3
Bg7 9. Bg2 O-O 10. O-O Nbd7 11. Re1 Qb6 12. Qc2 Rfb8 13. Rb1 Rb7 14. Bd2 Qd8
15. e4 Ng4 16. Bf4 Rab8 17. h3 Nge5 18. Bxe5 Nxe5 19. Nxe5 Bxe5 20. Bf1 Bxf1
21. Rxf1 Qa5 22. Na4 Rb4 23. b3 c4 24. Rbc1 cxb3 25. axb3 Qb5 26. Nc3 Bxc3 27.
Qxc3 Rxe4 28. Rfd1 h5 29. h4 Re5 30. Qd3 Qxd3 31. Rxd3 Rb5 32. Rcd1 Re2 33. Rc1
Rb2 34. Rcc3 Kg7 35. Kg2 f5 36. Rc7 Re2 37. Rc4 Kf6 38. Kf3 Rb2 39. Rcc3 Ra5
40. Ke3 Raa2 41. f3 Rg2 42. Kf4 Rge2 43. Re3 1/2-1/2

[Event "Herzogenrath- Düsseldorf 2"]
[Site "?"]
[Date "2023.05.21"]
[Round "9.1"]
[White "Hainke, Guntram"]
[Black "Meirick, Ingo"]
[Result "1-0"]
[WhiteElo "2255"]
[BlackElo "2179"]
[PlyCount "91"]
[EventDate "2023.??.??"]
[SourceVersionDate "2023.06.22"]
[WhiteTeam "Düsseldorfer SK 2"]
[BlackTeam "SV Herzogenrath"]

1. Nf3 d5 2. g3 g6 3. Bg2 Bg7 4. O-O Nf6 5. c4 c6 6. cxd5 cxd5 7. d4 O-O 8. Nc3
Nc6 9. Ne5 e6 10. f4 Ne7 11. Be3 Nf5 12. Bf2 Nd6 13. Qd3 b6 14. Rac1 Bb7 15.
Rc2 Qe7 16. Rfc1 Rfc8 17. e3 Nfe4 18. Be1 Nxc3 19. Rxc3 Rxc3 20. Rxc3 Qd8 21.
Bf1 Ne4 22. Rc2 Rc8 23. Bb4 h5 24. Qd1 Bf8 25. Bxf8 Kxf8 26. Bd3 Rxc2 27. Qxc2
Qc8 28. Bxe4 dxe4 29. Qxc8+ Bxc8 30. Kf2 Bb7 31. Ke2 Ke7 32. Kd2 f5 33. Nc4 Kf8
34. Nd6 Bd5 35. Nc8 Bxa2 36. Nxa7 Bd5 37. Nc8 b5 38. Kc3 Ke8 39. Nd6+ Kd7 40.
Nxb5 Kc6 41. Kb4 Kb6 42. Nd6 Bc6 43. Nc4+ Kc7 44. Kc5 Bd5 45. Nd6 Bc6 46. b4
1-0

[Event "Herzogenrath- Düsseldorf 2"]
[Site "?"]
[Date "2023.05.21"]
[Round "9.2"]
[White "Schreyer, Oliver"]
[Black "Buscher, Michael"]
[Result "1/2-1/2"]
[WhiteElo "2109"]
[BlackElo "2321"]
[PlyCount "83"]
[EventDate "2023.??.??"]
[SourceVersionDate "2023.06.22"]
[WhiteTeam "SV Herzogenrath"]
[BlackTeam "Düsseldorfer SK 2"]

1. Nf3 d6 2. d4 g6 3. c4 Nf6 4. Nc3 Bg7 5. e3 O-O 6. Be2 c6 7. O-O Bg4 8. b3
Qc7 9. Bb2 Re8 10. e4 Nbd7 11. h3 Bxf3 12. Bxf3 e5 13. d5 cxd5 14. Nxd5 Nxd5
15. Qxd5 Nc5 16. Rfd1 Rad8 17. Ba3 Bf8 18. Bc1 Ne6 19. Be3 b6 20. Bg4 Nd4 21.
Bxd4 exd4 22. Rac1 Bg7 23. Bf3 {(=)} Qe7 24. Qb5 h5 25. a4 Rc8 26. Qb4 Rc5 27.
Qd2 Be5 28. b4 Rc7 29. Qd3 Rec8 30. Be2 Bf6 31. Qf3 Kg7 32. Bd3 Qd7 33. Ra1 a5
34. Rdb1 Be5 35. bxa5 bxa5 36. Rb5 Rc5 37. Rab1 Qe7 38. Qe2 Qg5 39. Qe1 h4 40.
Qc1 Qxc1+ 41. Rxc1 Bf4 42. Rc2 1/2-1/2

[Event "Herzogenrath- Düsseldorf 2"]
[Site "?"]
[Date "2023.05.21"]
[Round "9.3"]
[White "Mueller, Michael"]
[Black "Horbach, Fabian"]
[Result "1-0"]
[WhiteElo "2207"]
[BlackElo "1957"]
[PlyCount "115"]
[EventDate "2023.??.??"]
[SourceVersionDate "2023.06.22"]
[WhiteTeam "Düsseldorfer SK 2"]
[BlackTeam "SV Herzogenrath"]

1. e4 c5 2. Nf3 e6 3. Nc3 a6 4. d4 cxd4 5. Nxd4 Qc7 6. g3 Bb4 7. Nde2 Nf6 8.
Bg2 O-O 9. O-O Be7 10. Re1 d6 11. Nf4 Re8 12. Nd3 Nbd7 13. Bf4 e5 14. Bg5 h6
15. Be3 Nb6 16. h3 Bd7 17. Nb4 Bc6 18. b3 a5 19. Nxc6 Qxc6 20. Qd3 Nbd7 21. Nb5
Nc5 22. Bxc5 Qxc5 23. Rad1 Red8 24. a4 Rac8 25. c4 Rc6 26. Qe2 Qb4 27. Rb1 Ra8
28. Red1 Bd8 29. Qd2 Qxd2 30. Rxd2 Ne8 31. Rbd1 Raa6 32. h4 Kf8 33. Bh3 Ke7 34.
Kg2 Bb6 35. Re2 g5 36. hxg5 hxg5 37. Rh1 Nf6 38. Bf5 Ra8 39. Rd2 Bc5 40. Rd3
Bb4 41. g4 Bc5 {(=)} 42. Rdh3 Rg8 43. Rh8 Kf8 44. R8h6 Ke7 45. R1h3 Bb4 46. Rf3
Bd2 47. Kf1 Bf4 48. Rd3 Ra8 49. Ke2 Bc1 50. Kd1 Bf4 51. Kc2 Ne8 52. Rh8 Nc7 53.
Rxa8 Nxa8 54. Na7 Ra6 55. Nc8+ Kf6 56. Nxd6 Rb6 57. Nb5 Rc6 58. Rd7 1-0